|
|
|
|
| LEADER |
00000nam2a2200000 4500 |
| 001 |
334546 |
| 005 |
20231102004651.0 |
| 035 |
|
|
|a (RuTPU)RU\TPU\book\360797
|
| 035 |
|
|
|a RU\TPU\book\360795
|
| 090 |
|
|
|a 334546
|
| 100 |
|
|
|a 20170830d1979 k y0rusy5003 ca
|
| 101 |
0 |
|
|a rus
|
| 102 |
|
|
|a UA
|
| 105 |
|
|
|a a z 001zy
|
| 200 |
0 |
|
|a Вып. 16
|f отв. ред. Ю. М. Калниболотский
|
| 210 |
|
|
|d 1979
|
| 215 |
|
|
|a 104 с.
|c ил.
|
| 320 |
|
|
|a Библиография в конце статей
|
| 461 |
|
1 |
|0 (RuTPU)RU\TPU\book\131205
|t Диэлектрики и полупроводники
|o республиканский межведомственный научно-технический сборник
|f Киевский политехнический институт (КПИ)
|v Вып. 16
|d 1971-1992
|
| 606 |
1 |
|
|a Диэлектрики
|x Физико-механические свойства
|2 stltpush
|3 (RuTPU)RU\TPU\subj\9774
|9 36948
|
| 606 |
1 |
|
|a Полупроводники
|2 stltpush
|3 (RuTPU)RU\TPU\subj\50553
|9 69206
|
| 610 |
1 |
|
|a применение
|
| 610 |
1 |
|
|a кристаллы
|
| 610 |
1 |
|
|a пьезоэлектрические свойства
|
| 610 |
1 |
|
|a пьезоэлектрические стержни
|
| 610 |
1 |
|
|a пьезоэлектрические трансформаторы
|
| 610 |
1 |
|
|a расчеты
|
| 610 |
1 |
|
|a пьезоэлектрические приводы
|
| 610 |
1 |
|
|a пьезоэлектрический метод
|
| 610 |
1 |
|
|a металл-диэлектрик
|
| 610 |
1 |
|
|a металл-диэлектрик-металл
|
| 610 |
1 |
|
|a металл-диэлектрик-полупроводник
|
| 610 |
1 |
|
|a МДП-транзисторы
|
| 610 |
1 |
|
|a тонкопленочные преобразователи
|
| 610 |
1 |
|
|a адгезиометры
|
| 675 |
|
|
|a 621.315.61
|v 4
|
| 675 |
|
|
|a 621.315.592
|v 4
|
| 702 |
|
1 |
|a Калниболотский
|b Ю. М.
|g Юрий Максимович
|4 340
|
| 801 |
|
0 |
|a RU
|b 63413507
|c 19950417
|g psbo
|
| 801 |
|
1 |
|a RU
|b 63413507
|c 20070911
|g PSBO
|
| 801 |
|
2 |
|a RU
|b 63413507
|c 20170911
|g PSBO
|
| 942 |
|
|
|c BK
|